000 00442nam a22001457a 4500
005 20170828145241.0
020 _a8173914206
_c00.00
035 _aB-058705
037 _aDPL
_bENG
100 _aChakrabarti, Mohit
245 _aSwami Vivekananda :
_bVibrant Humanist /
_cby Mohit Chakrabarti
260 _aNew Delhi
_bKanishka Publishers, Distributors
_c2001
300 _aix, 116p.
_c18 cms.
942 _2ddc
_cEN
_h181.499
_mCHA
999 _c64125
_d64125